Aydınlık bir adam / (Kayıt no. 10273)

MARC ayrıntıları
000 -BAŞLIK
Sabit Uzunluktaki Kontrol Alanı 00946nam a22002777a 4500
003 - KONTROL NUMARASI KİMLİĞİ
Kontrol Alanı KOHA_MİRAKIL
005 - EN SON İŞLEM TARİHİ ve ZAMANI
Kontrol Alanı 20260416061715.0
008 - SABİT UZUNLUKTAKİ VERİ ÖGELERİ - GENEL BİLGİ
Sabit Alan 260415b tu ||||| |||| 00| 0 tur d
020 ## - ISBN - ULUSLARARASI STANDART KİTAP NUMARASI
Isbn 9789755336480
040 ## - KATALOGLAMA KAYNAĞI
Özgün Kataloglama Kurumu TR-AnABB
Kataloglama Dili tur
Çeviri Kurumu TR-AnABB
041 ## - DİL KODU
Metin ya da ses kaydının dil kodu tur
082 ## - DEWEY ONU SINIFLAMA SİSTEMİ
Sınıflama Numarası 923.3
Cutter numarası BOR 2010
100 1# - KİŞİ ADI
Yazar Adı (Kişi adı) Boratav, Korkut,
245 10 - ESER ADI BİLDİRİMİ
Başlık Aydınlık bir adam /
Sorumluluk Bildirimi Korkut Boratav ; söyleşi: Hakan Güldağ, İbrahim Ekinci
250 ## - BASIM BİLDİRİMİ
Basım Bildirimi 1. baskı
260 ## - YAYIN, DAĞITIM, VB.
Yayın Yeri Ankara :
Yayınevi İmge Kitabevi yayınları,
Yayın Tarihi 2011
300 ## - FİZİKSEL TANIMLAMA
Sayfa, Cilt vb. 375 sayfa ;
Boyutları 20 cm
500 ## - GENEL NOT
Genel Not Kitap içerisinde Prof. Dr. Ruşen Keleş'in satır altı çizimleri ve vurgular mevcuttur.
500 ## - GENEL NOT
Genel Not Dizin vardır.
600 ## - KONU BAŞLIĞI EK GİRİŞİ - KİŞİ ADI
Kişi Adı Boratav, Korkut, Biyografi
650 04 - KONU BAŞLIĞI EK GİRİŞ - KONU TERİMİ
Konusal terim veya coğrafi ad Biyorafi, İktisatçılar
700 ## - EK GİRİŞ - KİŞİ ADI
Yazar Adı (Kişi adı) Güldağ, Hakan,
İlişkili Terim söyleşi
9 (RLIN) 3480
700 ## - EK GİRİŞ - KİŞİ ADI
Yazar Adı (Kişi adı) Ekinci, İbrahim
İlişkili Terim söyleşi
9 (RLIN) 3481
900 ## - YEREL BİLGİ
Kontrol Can ÇELIK
942 ## - EK GİRİŞ ÖGELERİ (KOHA)
Sınıflama Kaynağı Dewey Decimal Classification
Materyal Türü Kitap
600 ## - KONU BAŞLIĞI EK GİRİŞİ - KİŞİ ADI
-- 3478
Mevcut
Geri Çekilme Durumu Kayıp Durumu Sınıflandırma Kaynağı Kredi için değil Kalıcı Konum Mevcut Konum Kayıt Tarih Toplam Ödünçverme Yer Numarası Demirbaş Numarası Son Görülme Tarihi Fatura Tarihi Materyal Türü
    Dewey Decimal Classification   Prof. Dr. Ruşen Keleş Kütüphanesi Prof. Dr. Ruşen Keleş Kütüphanesi 15/04/2026   923.3 BOR 2010 RK7163 15/04/2026 15/04/2026 Kitap